| 000 | 00000nam##2200000za#4500 |
| 001 | 9.580170 |
| 003 | CaOODSP |
| 005 | 20210624190918 |
| 007 | cr ||||||||||| |
| 008 | 150406|2009||||xxc|||||o f|0| 0 eng|d |
| 022 | |a1488-5387 |
| 040 | |aCaOODSP|beng |
| 043 | |an-cn--- |
| 086 | 1 |aFs97-4/2865E-PDF |
| 110 | 1 |aCanada. |bDepartment of Fisheries and Oceans. |
| 245 | 10|aProceedings for the identification of ecologically and biologically significant areas in the Beaufort Sea large ocean management area / |h[electronic resource]|cby J.E. Paulic, M.H. Papst, and D.G. Cobb. |
| 260 | |aWinnipeg - Manitoba : |bFisheries and Oceans Canada |c2009. |
| 300 | |a22p.|bfigs. (some coloured), references, tables |
| 490 | 1 |aCanadian manuscript report of fisheries and aquatic sciences|x1488-5387|vNo. 2865 |
| 500 | |aFile reproduced from original print. On t. p. : Freshwater Institute, Central and Arctic Region, Winnipeg, Manitoba. The catalogue number and ISSN for the print edition appear in the PDF version. |
| 546 | |a(Résumés en français) |
| 590 | |a14-14-Supp|b2014-07-24 |
| 720 | 1 |aCobb, D. G. |
| 720 | 1 |aPapst, M. |
| 720 | 1 |aPaulic, J. E. |
| 830 | #0|aCanadian manuscript report of fisheries and aquatic sciences,|x1488-5387|vNo. 2865|w(CaOODSP)9.505211 |
| 856 | 40|ahttp://publications.gc.ca|qPDF|s885 KB|uhttps://publications.gc.ca/collections/collection_2014/mpo-dfo/Fs97-4-2865-eng.pdf|yNo. 2865 |